| 000 | 01844nam a2200517 i 4500 | ||
|---|---|---|---|
| 001 | 15710 | ||
| 003 | KOSZ 005 | ||
| 005 | 20200706114656.0 | ||
| 008 | 200425s1973 pl a f f 000 0 pol | ||
| 015 | _aUWD 1973/7402 | ||
| 035 | _a991033770029705066 | ||
| 035 | _a(PL-WaBN)b19036838-48omnis_nlop | ||
| 035 | _ab19036838 | ||
| 035 | _a(OCoLC)839038788 | ||
| 035 | _a(PL)b0000001903683 | ||
| 035 | _a(EXLNZ-48OMNIS_NETWORK)9910262400305606 | ||
| 040 |
_aWA N _cWA N _dKOSZ 005/RW |
||
| 046 | _k1973 | ||
| 080 | _a631.3 | ||
| 080 | _a(075.3-021.66) | ||
| 100 | 1 |
_aHołubowicz, Zbigniew _eAutor |
|
| 245 | 1 | 0 |
_aNaprawa maszyn rolniczych : _bpodręcznik dla techników mechanizacji rolnictwa / _cZbigniew Hołubowicz, Władysław Lorenc, Stefan Żak. |
| 250 | _aWydanie 4. | ||
| 260 |
_aWarszawa : _bPaństwowe Wydawnictwo Rolnicze i Leśne, _c1973. |
||
| 300 |
_a341, [3] stron : _bilustracje ; _c24 cm. |
||
| 336 |
_aTekst _btxt _2rdacontent |
||
| 337 |
_aBez urządzenia pośredniczącego _bn _2rdamedia |
||
| 338 |
_aWolumin _bnc _2rdacarrier |
||
| 380 | _aKsiążki | ||
| 380 | _aPublikacje dydaktyczne | ||
| 388 | _a1901-2000 | ||
| 388 | _a1945-1989 | ||
| 521 | 8 | _aPodręcznik dla techników mechanizacji rolnictwa. | |
| 650 | 7 |
_aMaszyny i narzędzia rolnicze _2DBN |
|
| 650 | 7 | _aKonserwacja maszyn | |
| 650 | 7 | _aRemont | |
| 655 | 7 |
_aPodręczniki dla szkół zawodowych _2DBN |
|
| 658 | _aRolnictwo i leśnictwo | ||
| 658 | _aInżynieria i technika | ||
| 700 | 1 |
_aLorenc, Władysław _eAutor |
|
| 700 | 1 |
_aŻak, Stefan _eAutor |
|
| 710 | 2 |
_aPaństwowe Wydawnictwo Rolnicze i Leśne _4pbl |
|
| 856 |
_uhttp://koha.tu.koszalin.pl/cgi-bin/koha/opac-detail.pl?biblionumber=15710 _yKatalog online BPK |
||
| 942 |
_2UKD _cKS |
||
| 999 |
_c15710 _d15710 |
||